<?xml version="1.0" encoding="UTF-8"?>
<marc:record xmlns:marc="http://www.loc.gov/MARC21/slim">
   <marc:leader>00000nam a2200000 a 4500</marc:leader>
   <marc:datafield ind1="1" ind2=" " tag="100">
      <marc:subfield code="a">Karallus, Thomas</marc:subfield>
      <marc:subfield code="4">aut</marc:subfield>
      <marc:subfield code="e">Verfasser/-in</marc:subfield>
   </marc:datafield>
   <marc:datafield ind1=" " ind2=" " tag="653">
      <marc:subfield code="a">Indianer</marc:subfield>
   </marc:datafield>
   <marc:datafield ind1=" " ind2=" " tag="653">
      <marc:subfield code="a">Pferd</marc:subfield>
   </marc:datafield>
   <marc:datafield ind1=" " ind2=" " tag="653">
      <marc:subfield code="a">Wilder Westen</marc:subfield>
   </marc:datafield>
   <marc:datafield ind1=" " ind2=" " tag="653">
      <marc:subfield code="a">Hörmedium</marc:subfield>
   </marc:datafield>
   <marc:datafield ind1=" " ind2=" " tag="653">
      <marc:subfield code="a">Toniefigur</marc:subfield>
   </marc:datafield>
   <marc:datafield ind1="0" ind2="0" tag="245">
      <marc:subfield code="a">Yakari - Best of Regenbogen [Indianisches Mädchen in gelbem Kleid, sitzend]</marc:subfield>
   </marc:datafield>
   <marc:datafield ind1="0" ind2="0" tag="245">
      <marc:subfield code="b">Hörspiel ab 4 Jahren</marc:subfield>
   </marc:datafield>
   <marc:datafield ind1=" " ind2="1" tag="264">
      <marc:subfield code="b">tonies GmbH</marc:subfield>
      <marc:subfield code="c">2023</marc:subfield>
   </marc:datafield>
   <marc:datafield ind1="1" ind2=" " tag="520">
      <marc:subfield code="a">Inhalt: Hörspielspaß mit tonies - Mit der Toniebox wird Hörspiel hören zum anfassbaren Erlebnis! Das Toniebox-Zubehör enthält nicht nur ein tolles Hörspiel, sondern kann auch als Spielfigur genutzt werden. Best of Regenbogen - Der kleine Indianerjunge Yakari hat die besondere Gabe, mit Tieren sprechen zu können. Zusammen mit seinem besten Freund, dem Pferd Kleiner Donner, erlebt er viele Abenteuer. Vier Geschichten - Mit "Hilf Deinen Feinden!", "Hilfe für das Flughörnchen", "Ein Freund für Wirbelwind" und "Zwei ganz verschiedene Freunde" enthält dieser Tonie vier aufregende Geschichten. So funktioniert's - Um dem spannenden Kinder Hörspiel zu lauschen, wird der Yakari Tonie ganz einfach auf die Toniebox gestellt und schon kann's losgehen. Lieferumfang &amp; Details - Tonie-Figur Regenbogen, inkl. Yakari Hörspiel: Best of Regenbogen, 4 aufregende Geschichten für Kinder ab 4 Jahren, Spielzeit ca. 49 Minuten.  Inhalt: Der kleine Sioux Junge Yakari hat großen Respekt vor der Natur und den Tieren. Daher wird ihm die besondere Gabe erteilt, mit Tieren sprechen zu können. Zusammen mit seinem besten Freund, dem Pferd Kleiner Donner, erlebt er viele Abenteuer. Auf diesem Tonie: Hilf Deinen Feinden! Hilfe für das Flughörnchen Ein Freund für Wirbelwind Zwei ganz verschiedene Freunde</marc:subfield>
   </marc:datafield>
</marc:record>
